|
|
|
|
| LEADER |
00000nam0a2200000 4500 |
| 001 |
94525 |
| 005 |
20231031105658.0 |
| 035 |
|
|
|a (RuTPU)RU\TPU\book\101258
|
| 090 |
|
|
|a 94525
|
| 100 |
|
|
|a 20060412d1986 m a0rusy5003 ca
|
| 101 |
0 |
|
|a rus
|
| 102 |
|
|
|a RU
|
| 105 |
|
|
|a a z 001zy
|
| 200 |
1 |
|
|a А. Саврасов
|e альбом репродукций
|f авт.-сост. В. А. Петров
|f А. К. Саврасов
|g сост. В. А. Петров
|
| 210 |
|
|
|a Москва
|c Изобразит. искусство
|d 1986
|
| 215 |
|
|
|a 48 с.
|c ил., цв. ил.
|d 28 см
|
| 225 |
1 |
|
|a Из собраний Государственной Третьяковской галереи
|
| 610 |
1 |
|
|a пейзажная живопись
|
| 610 |
1 |
|
|a русская живопись
|
| 610 |
1 |
|
|a 19 век
|
| 610 |
1 |
|
|a музейные собрания
|
| 610 |
1 |
|
|a альбомы
|
| 610 |
1 |
|
|a Москва
|
| 675 |
|
|
|a 75.071(Саврасов)
|z rus
|
| 700 |
|
1 |
|a Саврасов
|b А. К.
|g Алексей Кондратьевич
|4 070
|
| 702 |
|
1 |
|a Петров
|b В. А.
|g Владимир Александрович
|4 220
|
| 801 |
|
0 |
|a RU
|b RuMRKP
|c 19950704
|g psbo
|
| 801 |
|
1 |
|a RU
|b 63413507
|c 20060412
|g PSBO
|
| 801 |
|
2 |
|a RU
|b 63413507
|c 20070305
|g PSBO
|
| 942 |
|
|
|c BK
|